[Event "XXVII Festival A"]
[Site "Arco ITA"]
[Date "2005.10.24"]
[Round "3"]
[White "Fossum, Oystein Boyum"]
[Black "Aagaard, Jacob"]
[Result "1/2-1/2"]
[WhiteElo "2247"]
[BlackElo "2452"]
[PlyCount "62"]
[EventDate "2005.10.22"]

1. e4 c5 2. Nf3 e6 3. d3 Nc6 4. g3 d5 5. Nbd2 Bd6 6. Bg2 Nge7 7. O-O Qc7 8. Re1
O-O 9. Qe2 f6 10. c3 d4 11. Bh3 e5 12. Bxc8 Raxc8 13. c4 a6 14. Nf1 Qd7 15. Nh4
g5 16. Ng2 Qh3 17. f3 Ng6 18. a3 b5 19. b3 bxc4 20. bxc4 Rb8 21. Bd2 Rb3 22.
Reb1 Rfb8 23. Qd1 Rxb1 24. Rxb1 Qc8 25. Qc2 Nge7 26. g4 Rxb1 27. Qxb1 Qb8 28.
Qc2 Bc7 29. Ng3 Ba5 30. Bxa5 Nxa5 31. Kf2 Qb3 1/2-1/2

[Event "XXVII Festival A"]
[Site "Arco ITA"]
[Date "2005.10.24"]
[Round "3"]
[White "Isonzo, David"]
[Black "Agdestein, Simen"]
[Result "0-1"]
[WhiteElo "2337"]
[BlackElo "2582"]
[PlyCount "72"]
[EventDate "2005.10.22"]

1. e4 c5 2. Nf3 d6 3. d4 cxd4 4. Nxd4 Nf6 5. Nc3 a6 6. Be3 e6 7. f3 b5 8. g4 h6
9. Qd2 b4 10. Na4 Nbd7 11. O-O-O Ne5 12. b3 Bd7 13. Nb2 Qa5 14. a4 d5 15. Bf4
dxe4 16. Nb5 axb5 17. Bxe5 Qa7 18. Bxf6 gxf6 19. Qf4 bxa4 20. Rxd7 Qxd7 21.
Qxe4 Ra5 22. Nc4 Rd5 23. Ne3 Rc5 24. Qa8+ Rc8 25. Qa6 Rb8 26. Bc4 Bc5 27. Nd5
Kf8 28. Rd1 Kg7 29. Nc3 Qc7 30. Nxa4 Rhd8 31. Rxd8 Rxd8 32. Bd3 Be3+ 33. Kb1
Qxh2 34. Nb2 Qh1+ 35. Ka2 Bd4 36. Bf1 Qxf3 0-1

[Event "XXVII Festival A"]
[Site "Arco ITA"]
[Date "2005.10.24"]
[Round "3"]
[White "Ivanov, Mikhail M."]
[Black "De Santis, Alessio"]
[Result "1/2-1/2"]
[WhiteElo "2457"]
[BlackElo "2331"]
[PlyCount "107"]
[EventDate "2005.10.22"]

1. d4 e6 2. c4 Nf6 3. Nf3 b6 4. a3 Bb7 5. Nc3 d6 6. b4 Be7 7. Bb2 O-O 8. e3
Nbd7 9. Be2 Re8 10. O-O c5 11. dxc5 dxc5 12. b5 Qc7 13. h3 Rad8 14. Qc2 Nf8 15.
a4 Ng6 16. a5 Bd6 17. Rfd1 Qe7 18. a6 Ba8 19. Rd2 Bb8 20. Rad1 Qc7 21. g3 Qc8
22. Rxd8 Rxd8 23. Rxd8+ Qxd8 24. Nd2 Ne5 25. f4 Ng6 26. Nd1 Ne8 27. Nf2 Nd6 28.
Qd3 Bc7 29. e4 f6 30. h4 Nf7 31. Qe3 Qb8 32. Nd3 Nf8 33. h5 Qd8 34. Nf2 e5 35.
f5 h6 36. Nf3 Nh7 37. Kh2 Qe8 38. Nh4 Nd6 39. g4 Ng5 40. Bd3 Qf7 41. Qe2 Qe8
42. Bc1 Ndf7 43. Ng2 Qd7 44. Be3 Nd6 45. Bxg5 hxg5 46. Ne3 Nf7 47. Nc2 Nh6 48.
Kg3 Nf7 49. Nd1 Kh7 50. Nc3 Kg8 51. Kf3 Bd8 52. Ke3 Nh6 53. Kd2 Kf8 54. Nd1
1/2-1/2

[Event "XXVII Festival A"]
[Site "Arco ITA"]
[Date "2005.10.24"]
[Round "3"]
[White "Ketzscher, Roland"]
[Black "Giuriato, Sergio"]
[Result "1/2-1/2"]
[WhiteElo "2143"]
[BlackElo "1992"]
[PlyCount "75"]
[EventDate "2005.10.22"]

1. d4 Nf6 2. c4 e6 3. Nf3 d5 4. Nc3 Nbd7 5. Bg5 Be7 6. e3 O-O 7. Rc1 c6 8. Bd3
dxc4 9. Bxc4 Nd5 10. Bxe7 Qxe7 11. O-O Nxc3 12. Rxc3 e5 13. Qc2 exd4 14. exd4
Nf6 15. Re1 Qd6 16. Bb3 g6 17. Qc1 Bd7 18. Ne5 Nd5 19. Rc5 Be6 20. Qh6 Rfe8 21.
Qd2 Rad8 22. Rcc1 Nc7 23. Bxe6 Nxe6 24. Nf3 c5 25. Qa5 Nxd4 26. Rxe8+ Rxe8 27.
Qxc5 Nxf3+ 28. gxf3 Qxc5 29. Rxc5 Re2 30. Rb5 b6 31. a4 Re1+ 32. Kg2 Ra1 33. b3
Kf8 34. Re5 Rc1 35. Re3 Rc5 36. f4 a6 37. h3 b5 38. Re5 1/2-1/2

[Event "XXVII Festival A"]
[Site "Arco ITA"]
[Date "2005.10.24"]
[Round "3"]
[White "La Manna, Andrea"]
[Black "Schaefer, Michael"]
[Result "1/2-1/2"]
[WhiteElo "1895"]
[BlackElo "2217"]
[PlyCount "51"]
[EventDate "2005.10.22"]

1. d4 f5 2. c4 Nf6 3. Nc3 d6 4. f3 e5 5. dxe5 dxe5 6. Qxd8+ Kxd8 7. Bg5 c6 8.
e4 Bb4 9. O-O-O+ Kc7 10. Nge2 fxe4 11. Nxe4 Nxe4 12. fxe4 Be6 13. a3 Bd6 14.
Ng3 h6 15. Be3 g6 16. Be2 Nd7 17. h4 h5 18. Nf1 Nf6 19. Nd2 Ng4 20. Bxg4 Bxg4
21. Rdf1 Raf8 22. c5 Be7 23. Nc4 Bf6 24. Bg5 Bg7 25. Be7 Bh6+ 26. Bg5 1/2-1/2

[Event "XXVII Festival A"]
[Site "Arco ITA"]
[Date "2005.10.24"]
[Round "3"]
[White "La Manna, Francesco"]
[Black "Coimbra, Margarida"]
[Result "0-1"]
[WhiteElo "1886"]
[BlackElo "2084"]
[PlyCount "92"]
[EventDate "2005.10.22"]

1. d4 d5 2. c4 c6 3. Nc3 Nf6 4. Bg5 e6 5. e3 Be7 6. Bd3 Nbd7 7. Nf3 O-O 8. Rc1
dxc4 9. Bxc4 Nd5 10. Bxe7 Qxe7 11. O-O Nxc3 12. bxc3 e5 13. Qc2 Re8 14. e4 b5
15. Bd3 Bb7 16. Nxe5 Nxe5 17. dxe5 Qxe5 18. f4 Qc5+ 19. Kh1 Rad8 20. Rce1 a5
21. e5 h6 22. Rf3 b4 23. Qe2 Bc8 24. cxb4 Qxb4 25. a3 Qd4 26. h3 c5 27. Bb5 Rf8
28. f5 Bb7 29. Rd3 Qh4 30. Re3 Rd4 31. Kg1 Rfd8 32. e6 fxe6 33. fxe6 Qe7 34.
Rg3 Rd2 35. Qe5 R2d5 36. Rxg7+ Qxg7 37. Qxg7+ Kxg7 38. e7 Kf6 39. exd8=Q+ Rxd8
40. Kf2 Rd2+ 41. Re2 Rxe2+ 42. Bxe2 Ke5 43. Bf3 Bxf3 44. gxf3 Kf4 45. Ke2 h5
46. h4 c4 0-1

[Event "XXVII Festival A"]
[Site "Arco ITA"]
[Date "2005.10.24"]
[Round "3"]
[White "Ludovici, Roberto"]
[Black "Kranebitter, Gerhard"]
[Result "0-1"]
[WhiteElo "1726"]
[BlackElo "2070"]
[PlyCount "76"]
[EventDate "2005.10.22"]

1. d4 e6 2. Nf3 Nf6 3. e3 c5 4. Be2 b6 5. c4 Bb7 6. Nc3 Ne4 7. Nxe4 Bxe4 8. O-O
Be7 9. b3 O-O 10. Bb2 Na6 11. Nd2 Bb7 12. Bf3 Qc7 13. Bxb7 Qxb7 14. Qf3 Qxf3
15. Nxf3 d6 16. Rad1 Rac8 17. dxc5 bxc5 18. Rd2 Nb4 19. Bc3 Nc6 20. Rfd1 Rb8
21. e4 e5 22. Ne1 Nd4 23. Nc2 Bg5 24. Ne3 g6 25. Re1 f5 26. exf5 gxf5 27. Rdd1
f4 28. Nd5 f3 29. Ba5 Bd8 30. Bd2 fxg2 31. Kxg2 Bh4 32. Be3 Rb7 33. Rf1 Rbf7
34. Rd2 Nf3 35. Re2 Kh8 36. Bh6 Rg8+ 37. Kh1 Rg6 38. Be3 Rfg7 0-1

[Event "XXVII Festival A"]
[Site "Arco ITA"]
[Date "2005.10.24"]
[Round "3"]
[White "Lymar, Irina"]
[Black "Dalponte, Dino"]
[Result "1/2-1/2"]
[WhiteElo "2309"]
[BlackElo "2101"]
[PlyCount "106"]
[EventDate "2005.10.22"]

1. d4 d5 2. Nf3 c6 3. c4 e6 4. g3 Bd6 5. Bg2 Nd7 6. O-O Ngf6 7. Nc3 O-O 8. b3
h6 9. Qc2 Bb4 10. Bb2 Re8 11. Rfd1 Qe7 12. a3 Bd6 13. e4 Nxe4 14. Nxe4 dxe4 15.
Qxe4 Nf6 16. Qe2 Bd7 17. Ne5 Rad8 18. b4 Bc8 19. Rd2 Nd7 20. Rad1 Nxe5 21. dxe5
Bc7 22. Bd4 Bb6 23. Bxb6 axb6 24. Rd6 Rxd6 25. exd6 Qd8 26. c5 Bd7 27. Qb2 Qa8
28. a4 Qa7 29. Qd4 Ra8 30. Ra1 b5 31. a5 Qb8 32. Qh4 f6 33. Qe4 Qe8 34. Bf3 f5
35. Qd4 Qf8 36. Bg2 Qf6 37. Qxf6 gxf6 38. f4 e5 39. Kf2 e4 40. g4 fxg4 41. Bxe4
f5 42. Bc2 Kf7 43. Bd3 Kf6 44. Re1 Re8 45. Rxe8 Bxe8 46. Bc2 Bd7 47. Bb3 h5 48.
Kg3 Kg6 49. Kh4 Bc8 50. Bc2 Bd7 51. Bd3 Be8 52. Bc2 Bd7 53. Bb3 Bc8 1/2-1/2

[Event "XXVII Festival A"]
[Site "Arco ITA"]
[Date "2005.10.24"]
[Round "3"]
[White "Moratto, Davide"]
[Black "Geske, Julian"]
[Result "1/2-1/2"]
[WhiteElo "1729"]
[BlackElo "2077"]
[PlyCount "84"]
[EventDate "2005.10.22"]

1. e4 e5 2. Nf3 Nc6 3. Bb5 a6 4. Ba4 Nf6 5. O-O Nxe4 6. Re1 Nc5 7. Bxc6 dxc6 8.
Nxe5 Be7 9. d4 Ne6 10. c3 O-O 11. Nd2 c5 12. Ndf3 cxd4 13. cxd4 c6 14. Be3 Nc7
15. Bf4 Nd5 16. Bg3 Be6 17. a3 Rc8 18. Rc1 Re8 19. h3 h6 20. b4 a5 21. bxa5
Qxa5 22. Nc4 Qd8 23. a4 Ra8 24. Nfe5 Bb4 25. Rf1 Nc3 26. Qd3 Bxc4 27. Qxc4 Nd5
28. Ra1 Bd6 29. Rfb1 f6 30. Nf3 Bxg3 31. fxg3 Qc7 32. Kh2 Re3 33. Rb3 Rae8 34.
Rab1 Rxb3 35. Qxb3 Re7 36. Rc1 Kh8 37. Re1 Rxe1 38. Nxe1 Qe7 39. Nf3 Qe2 40.
Nh4 b6 41. Ng6+ Kh7 42. Nf4 Nxf4 1/2-1/2

[Event "XXVII Festival A"]
[Site "Arco ITA"]
[Date "2005.10.24"]
[Round "3"]
[White "Mukic, Josko"]
[Black "Zagrebelny, Sergey"]
[Result "1-0"]
[WhiteElo "2328"]
[BlackElo "2513"]
[PlyCount "73"]
[EventDate "2005.10.22"]

1. f4 Nf6 2. b3 d5 3. e3 Bg4 4. Nf3 e6 5. Bb2 Bd6 6. h3 Bxf3 7. Qxf3 O-O 8. Nc3
c6 9. d4 Qa5 10. Bd3 Bb4 11. Kd2 Nbd7 12. a3 Bd6 13. g4 Rfd8 14. b4 Qc7 15. g5
Ne8 16. Raf1 a5 17. b5 Nb6 18. e4 dxe4 19. Qxe4 g6 20. h4 Bf8 21. h5 Bg7 22.
hxg6 hxg6 23. bxc6 Nd6 24. Qe2 Qxc6 25. Ba1 Bxd4 26. Rh3 Rac8 27. Bxg6 Ndc4+
28. Kc1 fxg6 29. Rfh1 Be3+ 30. Kb1 e5 31. f5 Nxa3+ 32. Ka2 gxf5 33. Rh8+ Kf7
34. R1h7+ Ke6 35. Rh6+ Kd7 36. R8h7+ Ke8 37. Qh5+ 1-0

[Event "XXVII Festival A"]
[Site "Arco ITA"]
[Date "2005.10.24"]
[Round "3"]
[White "Niccoli, Paolo"]
[Black "Volpinari, Danilo"]
[Result "0-1"]
[WhiteElo "1722"]
[BlackElo "2048"]
[PlyCount "80"]
[EventDate "2005.10.22"]

1. e4 c5 2. Nf3 e6 3. d4 cxd4 4. Nxd4 a6 5. Nc3 Qc7 6. Bd3 Nc6 7. Be3 Nf6 8.
O-O Ne5 9. Kh1 Neg4 10. g3 Nxe3 11. fxe3 b5 12. a3 Bb7 13. Qf3 Bd6 14. g4 h6
15. h3 O-O-O 16. Rfd1 Be5 17. Kg1 Nh7 18. Ndxb5 axb5 19. Nxb5 Qb6 20. a4 Ng5
21. Qe2 d5 22. a5 Qc5 23. b4 Qxb4 24. Rdb1 Qd2 25. a6 Ba8 26. Na7+ Kd7 27. Bb5+
Kd6 28. Ra2 Qxe2 29. Bxe2 Rb8 30. Rd1 Nxe4 31. Nb5+ Rxb5 32. Bxb5 Nc3 33. Raa1
Nxb5 34. Rab1 Nc3 35. Rb6+ Kc7 36. Rdb1 Nxb1 37. Rxb1 Rb8 38. Rf1 f6 39. h4 Rb4
40. g5 hxg5 0-1

[Event "XXVII Festival A"]
[Site "Arco ITA"]
[Date "2005.10.24"]
[Round "3"]
[White "Pedrotti, Luciano"]
[Black "Kvisla, Johannes Luangtep"]
[Result "0-1"]
[WhiteElo "1862"]
[BlackElo "2123"]
[PlyCount "62"]
[EventDate "2005.10.22"]

1. e4 c5 2. Nf3 Nc6 3. d4 cxd4 4. Nxd4 Nf6 5. Nc3 e6 6. Be2 Bb4 7. Nxc6 bxc6 8.
Bd3 d5 9. exd5 cxd5 10. O-O O-O 11. Bd2 Bd6 12. Bg5 Be7 13. Ne2 e5 14. Ng3 e4
15. Be2 h6 16. Bxf6 Bxf6 17. c3 Be6 18. Bg4 Rb8 19. Rb1 Qd7 20. Bxe6 Qxe6 21.
Re1 Be5 22. Nf1 f5 23. Ne3 Rbd8 24. Qe2 Qd6 25. Qh5 g6 26. Qxh6 Rd7 27. Rbd1
Rh7 28. Rxd5 Rxh6 29. Rxd6 Bxd6 30. g3 Bc5 31. Ng2 Rd8 0-1

[Event "XXVII Festival A"]
[Site "Arco ITA"]
[Date "2005.10.24"]
[Round "3"]
[White "Perich, Stefano"]
[Black "Romagnoli, Roberto"]
[Result "0-1"]
[WhiteElo "2003"]
[BlackElo "2139"]
[PlyCount "79"]
[EventDate "2005.10.22"]

1. f4 d5 2. Nf3 Nf6 3. b3 c5 4. Bb2 e6 5. g3 Nc6 6. Bg2 Bd6 7. e3 O-O 8. O-O
Rb8 9. Qe2 Re8 10. Ne5 Bd7 11. d3 g6 12. g4 Rf8 13. c4 dxc4 14. dxc4 Bxe5 15.
fxe5 Ne8 16. Nd2 Qc7 17. Nf3 Ng7 18. Qf2 Nb4 19. Rfd1 Bc6 20. Ng5 Bxg2 21. Qxg2
Rbd8 22. Ne4 Rxd1+ 23. Rxd1 Rd8 24. Rxd8+ Qxd8 25. Nd6 Qh4 26. Qf3 h5 27. Qxf7+
Kh7 28. Ne8 Qe1+ 29. Kg2 Qe2+ 30. Kh1 Qd1+ 31. Kg2 Qxg4+ 32. Kh1 Qe4+ 33. Kg1
Qxe3+ 34. Kg2 Qe4+ 35. Kg1 Qb1+ 36. Kg2 Qxb2+ 37. Kf3 Qc3+ 38. Kg2 Qd2+ 39. Kg3
Qe3+ 40. Kg2 0-1

[Event "XXVII Festival A"]
[Site "Arco ITA"]
[Date "2005.10.24"]
[Round "3"]
[White "Pieri, Enzo"]
[Black "La Malfa, Stelio"]
[Result "0-1"]
[WhiteElo "1949"]
[BlackElo "1635"]
[PlyCount "32"]
[EventDate "2005.10.22"]

1. e4 e6 2. d4 d5 3. e5 c5 4. c3 Nc6 5. Nf3 Qb6 6. a3 c4 7. b4 cxb3 8. Bb2 f6
9. Nbd2 fxe5 10. dxe5 Bc5 11. Qe2 Nge7 12. Nd4 Bd7 13. g3 Nxd4 14. cxd4 Bxd4
15. Bxd4 Qxd4 16. Nxb3 Qc3+ 0-1

[Event "XXVII Festival A"]
[Site "Arco ITA"]
[Date "2005.10.24"]
[Round "3"]
[White "Pojer, Romeo"]
[Black "Bondielli, Giorgio"]
[Result "1-0"]
[WhiteElo "2153"]
[BlackElo "2005"]
[PlyCount "139"]
[EventDate "2005.10.22"]

1. e4 e5 2. Nf3 Nf6 3. Nxe5 d6 4. Nf3 Nxe4 5. Nc3 Nxc3 6. dxc3 Be7 7. Bf4 Nc6
8. Qd2 Be6 9. O-O-O Qd7 10. Kb1 a6 11. Bd3 O-O-O 12. Ng5 Bxg5 13. Bxg5 f6 14.
Be3 Ne5 15. Be2 Bc4 16. f4 Bxe2 17. Qxe2 Nc6 18. Rhe1 Rhe8 19. Qf3 Re7 20. c4
Qe6 21. b3 Qg8 22. h4 Rde8 23. h5 f5 24. Bf2 Rxe1 25. Bxe1 Qe6 26. Bc3 g6 27.
h6 Qe2 28. Qd5 Qe6 29. Re1 Qd7 30. Rxe8+ Qxe8 31. Kb2 Kd7 32. g3 Qe6 33. Qh1
Qe3 34. Qd5 Qe6 35. Qd3 Qe4 36. Qd2 b6 37. a3 Nd8 38. Qh2 Nc6 39. Qg1 Ne7 40.
Bf6 Nc6 41. Kb1 Qe6 42. Ba1 Qe4 43. Bg7 a5 44. Qc1 a4 45. Ka2 Na5 46. Qb2 Qe2
47. Bc3 axb3+ 48. cxb3 Qxb2+ 49. Kxb2 Nc6 50. b4 d5 51. cxd5 Ne7 52. a4 Nxd5
53. Kb3 Kc6 54. Bd4 Ne7 55. Kc4 Nc8 56. Be5 Na7 57. Kd4 Kd7 58. Bg7 Nc6+ 59.
Kc4 Na7 60. Bd4 Kc6 61. a5 b5+ 62. Kd3 Nc8 63. Bc5 Kd5 64. a6 Kc6 65. Kd4 Nb6
66. Bxb6 Kxb6 67. Kd5 c6+ 68. Kd6 c5 69. bxc5+ Kxa6 70. c6 1-0

[Event "XXVII Festival A"]
[Site "Arco ITA"]
[Date "2005.10.24"]
[Round "3"]
[White "Reppen, Sigmund"]
[Black "Scotti, Umberto"]
[Result "0-1"]
[WhiteElo "1916"]
[BlackElo "2182"]
[PlyCount "94"]
[EventDate "2005.10.22"]

1. e4 e6 2. d4 d5 3. Nd2 c5 4. exd5 Qxd5 5. Ndf3 Nc6 6. Be3 cxd4 7. Nxd4 a6 8.
Ngf3 Nf6 9. Nxc6 Qxc6 10. Nd4 Qc7 11. Be2 Bd6 12. h3 O-O 13. O-O Nd5 14. Bd2
Bd7 15. Rc1 Rad8 16. Bf3 Nf4 17. Ne2 Ng6 18. c4 Nh4 19. Be4 Bc6 20. Nc3 f5 21.
Bxc6 Qxc6 22. f3 Bb8 23. Qe1 Qd6 24. f4 Nxg2 25. Kxg2 Qxd2+ 26. Rf2 Qd7 27. b3
Qc6+ 28. Kh2 g5 29. Qg1 h6 30. Rcf1 Kh7 31. Ne2 Rg8 32. Qg2 Qxg2+ 33. Rxg2 gxf4
34. Nxf4 Rd4 35. Rgf2 Rgd8 36. Kh1 Bxf4 37. Rxf4 Rxf4 38. Rxf4 Rd2 39. Rf3 Kg6
40. a3 e5 41. b4 e4 42. Rc3 f4 43. Kg1 Kf5 44. b5 axb5 45. cxb5 e3 46. Kf1 Ke4
47. a4 f3 0-1

[Event "XXVII Festival A"]
[Site "Arco ITA"]
[Date "2005.10.24"]
[Round "3"]
[White "Ricci, Alfredo"]
[Black "Ager, Josef"]
[Result "1/2-1/2"]
[WhiteElo "2016"]
[BlackElo "2246"]
[PlyCount "67"]
[EventDate "2005.10.22"]

1. e4 g6 2. d4 Bg7 3. Nc3 c6 4. Be3 d5 5. e5 Nh6 6. Qd2 Nf5 7. Nge2 Nd7 8. h4
h5 9. Nf4 e6 10. g3 a6 11. Bd3 c5 12. Bxf5 gxf5 13. O-O-O cxd4 14. Bxd4 Qa5 15.
Qe2 b5 16. Kb1 Bb7 17. Ncxd5 O-O-O 18. Bc3 Qa4 19. b3 Qe4 20. Ne7+ Kb8 21. Qd2
Nb6 22. Qxd8+ Rxd8 23. Rxd8+ Kc7 24. Rhd1 b4 25. R8d4 Qf3 26. Bxb4 Bxe5 27.
R4d3 Qxf2 28. Ba5 Be4 29. Rd7+ Kb8 30. Nd3 Qe2 31. Re1 Qxe1+ 32. Bxe1 Nxd7 33.
Nxe5 Nxe5 34. Ng8 1/2-1/2

[Event "XXVII Festival A"]
[Site "Arco ITA"]
[Date "2005.10.24"]
[Round "3"]
[White "Sautto, Alessandra"]
[Black "Cazzaniga, Walter"]
[Result "1/2-1/2"]
[WhiteElo "1939"]
[BlackElo "2104"]
[PlyCount "111"]
[EventDate "2005.10.22"]

1. d4 Nf6 2. Nf3 g6 3. c3 Bg7 4. Bf4 b6 5. h3 Bb7 6. e3 O-O 7. Nbd2 d6 8. Be2
Nbd7 9. O-O c5 10. Bh2 Qc7 11. a4 a6 12. Qc2 Rfc8 13. Rfc1 Bc6 14. e4 cxd4 15.
Nxd4 Bb7 16. N4b3 e5 17. Rd1 Rd8 18. f3 d5 19. exd5 Nxd5 20. Qd3 Nc5 21. Qb1 f5
22. Bc4 Kh8 23. Bxd5 Rxd5 24. Qc2 Rad8 25. Nf1 Rxd1 26. Rxd1 Rxd1 27. Qxd1 Nxa4
28. Qd2 Nc5 29. Nxc5 Qxc5+ 30. Kh1 Qc7 31. Ne3 b5 32. Nc2 Qe7 33. Bg1 h5 34.
Nb4 Kh7 35. Be3 e4 36. f4 Bf6 37. Nc2 Qd8 38. Qxd8 Bxd8 39. Nd4 Bd5 40. b4 Kg7
41. g3 Kf7 42. h4 Ke7 43. Kg2 Kd6 44. Kf2 Bc4 45. Ke1 a5 46. Kd2 a4 47. Kc2 Kd5
48. Kb2 Bf6 49. Nc2 Bd3 50. Na3 Bd8 51. Kc1 Kd6 52. Kd2 Bf6 53. Bg1 Kd5 54. Be3
Bc4 55. Nc2 Bd3 56. Na3 1/2-1/2

[Event "XXVII Festival A"]
[Site "Arco ITA"]
[Date "2005.10.24"]
[Round "3"]
[White "Schacher, Gerd"]
[Black "Fuggetta, Leonardo"]
[Result "1-0"]
[WhiteElo "2258"]
[BlackElo "2068"]
[PlyCount "55"]
[EventDate "2005.10.22"]

1. c4 e5 2. Nc3 Nc6 3. g3 g6 4. Bg2 Bg7 5. Rb1 a5 6. a3 d6 7. b4 axb4 8. axb4
Rb8 9. b5 Nce7 10. d3 h6 11. Nf3 Be6 12. Bb2 Qc8 13. Qc2 Bh3 14. O-O Bxg2 15.
Kxg2 Nf6 16. b6 c6 17. c5 Nd7 18. Ne4 Nf5 19. g4 d5 20. gxf5 dxe4 21. dxe4 g5
22. Rfd1 g4 23. Nd2 Bf8 24. Nc4 f6 25. Rd6 Nxc5 26. Rxf6 Nd7 27. Re6+ Kf7 28.
Rd1 1-0

[Event "XXVII Festival A"]
[Site "Arco ITA"]
[Date "2005.10.24"]
[Round "3"]
[White "Scharrer, Patrick"]
[Black "Bronznik, Valerij"]
[Result "1/2-1/2"]
[WhiteElo "2210"]
[BlackElo "2386"]
[PlyCount "69"]
[EventDate "2005.10.22"]

1. e4 c5 2. Nf3 a6 3. d3 b5 4. g3 Bb7 5. Bg2 d6 6. O-O e6 7. Nbd2 Nf6 8. Re1
Be7 9. c3 O-O 10. d4 cxd4 11. cxd4 Qc7 12. e5 dxe5 13. dxe5 Nd5 14. Ne4 Nd7 15.
Bg5 Bxg5 16. Nexg5 Rac8 17. Nxh7 Kxh7 18. Ng5+ Kg8 19. Be4 N5f6 20. exf6 Nxf6
21. Bxb7 Qxb7 22. Qe2 Qd5 23. h4 Qc4 24. b3 Qxe2 25. Rxe2 Rfd8 26. Kf1 Rd3 27.
Ke1 Rdc3 28. Rd1 Nd5 29. Ne4 R3c6 30. Red2 Kf8 31. a3 a5 32. f3 Ne3 33. Rd8+
Rxd8 34. Rxd8+ Ke7 35. Rb8 1/2-1/2

[Event "XXVII Festival A"]
[Site "Arco ITA"]
[Date "2005.10.24"]
[Round "3"]
[White "Stolfa, Rodolfo"]
[Black "Di Lazzaro, Gabriele"]
[Result "1-0"]
[WhiteElo "1700"]
[BlackElo "2025"]
[PlyCount "149"]
[EventDate "2005.10.22"]

1. d4 d5 2. c4 e6 3. Nc3 c6 4. e3 Nf6 5. Nf3 Nbd7 6. Bd3 dxc4 7. Bxc4 b5 8. Bd3
Bd6 9. Ne4 Nxe4 10. Bxe4 Qb6 11. O-O Bb7 12. Ng5 Nf6 13. Bf3 h6 14. Ne4 Be7 15.
Bd2 a5 16. Rc1 Rc8 17. Nc5 Ba8 18. e4 Rd8 19. Be3 Qb8 20. Nb3 a4 21. Na5 Qc7
22. Qe1 O-O 23. b4 axb3 24. Nxb3 Nd7 25. Qa5 Qxa5 26. Nxa5 Rc8 27. Rc2 Bb4 28.
Nb3 Rfd8 29. Rfc1 Ba3 30. Rb1 Bb4 31. Bc1 c5 32. a3 c4 33. axb4 cxb3 34. Rxc8
Rxc8 35. Be3 Nf6 36. Be2 Bxe4 37. Rxb3 Bd5 38. Rb1 Bc4 39. Rc1 Nd5 40. Bd2 Nb6
41. Bf3 Rd8 42. Be3 Rd7 43. Bc6 Rd6 44. Bf3 Na4 45. h3 f6 46. Bd1 Nb6 47. Ra1
Nd5 48. Rb1 Ra6 49. Bf3 Ne7 50. Rb2 g5 51. g4 Ra3 52. Kg2 f5 53. Bc1 Rc3 54.
Be3 f4 55. Bd2 Rd3 56. Be2 Rxd4 57. Bc3 Rd7 58. Bxc4 bxc4 59. b5 Nd5 60. b6 Rb7
61. Bd4 e5 62. Bxe5 Rxb6 63. Rxb6 Nxb6 64. Kf3 Nd7 65. Bd4 Kf7 66. Ke2 Nf8 67.
Kd2 Ne6 68. Kc3 Kg6 69. Kxc4 h5 70. Be5 hxg4 71. hxg4 Nd8 72. Kd5 Kf7 73. Bd6
Ne6 74. Kc6 Ng7 75. Kd7 1-0

[Event "XXVII Festival A"]
[Site "Arco ITA"]
[Date "2005.10.24"]
[Round "3"]
[White "Stubberud, Ornulf"]
[Black "Marchand, Francois"]
[Result "1-0"]
[WhiteElo "2095"]
[BlackElo "2269"]
[PlyCount "83"]
[EventDate "2005.10.22"]

1. e4 c6 2. d4 d5 3. f3 e6 4. Nc3 Bb4 5. Bf4 Nf6 6. Qd3 O-O 7. Nge2 b6 8. O-O-O
Ba6 9. Qe3 Bc4 10. h4 b5 11. Kb1 Qa5 12. h5 c5 13. dxc5 Rc8 14. Bd6 Nbd7 15. h6
g6 16. Rh4 Bxc5 17. Bxc5 Rxc5 18. Nc1 b4 19. N3e2 e5 20. exd5 Nxd5 21. Qd2 N7b6
22. Nb3 Bxb3 23. cxb3 Rac8 24. Rc1 Rxc1+ 25. Nxc1 Qc5 26. Re4 Rd8 27. Qe1 f6
28. Nd3 Qd6 29. g3 a5 30. f4 exf4 31. gxf4 Kf7 32. Qf2 Rd7 33. Ne5+ Kg8 34.
Nxd7 Nc3+ 35. bxc3 Qd1+ 36. Kb2 bxc3+ 37. Kxc3 Qa1+ 38. Kd3 Qd1+ 39. Qd2 Qxf1+
40. Kc2 Nxd7 41. Qd5+ Kf8 42. Qd6+ 1-0

[Event "XXVII Festival A"]
[Site "Arco ITA"]
[Date "2005.10.24"]
[Round "3"]
[White "Wagman, Stuart"]
[Black "Schrott, Ernst"]
[Result "1/2-1/2"]
[WhiteElo "2124"]
[BlackElo "1970"]
[PlyCount "41"]
[EventDate "2005.10.22"]

1. e4 c5 2. Nf3 Nc6 3. d4 cxd4 4. Nxd4 Nf6 5. Nc3 d6 6. Be2 e6 7. O-O Be7 8.
Be3 a6 9. f4 Qc7 10. Qe1 O-O 11. Qg3 Re8 12. Kh1 d5 13. e5 Ne4 14. Nxe4 dxe4
15. c3 b5 16. f5 exf5 17. Nxf5 Bxf5 18. Rxf5 Bf8 19. e6 Re7 20. Qxc7 Rxc7 21.
exf7+ 1/2-1/2

[Event "XXVII Festival A"]
[Site "Arco ITA"]
[Date "2005.10.24"]
[Round "3"]
[White "Wohl, Aleksandar H."]
[Black "Dittmar, Peter"]
[Result "0-1"]
[WhiteElo "2439"]
[BlackElo "2322"]
[PlyCount "94"]
[EventDate "2005.10.22"]

1. e4 c6 2. d4 d5 3. e5 c5 4. dxc5 e6 5. Be3 Nh6 6. c3 Nf5 7. Bd4 Nc6 8. Nf3
Bd7 9. Bd3 Nfxd4 10. cxd4 b6 11. O-O bxc5 12. dxc5 Bxc5 13. Nc3 Be7 14. Rc1 O-O
15. Bb1 Rb8 16. Qd3 g6 17. Qd2 Qa5 18. b3 Rfc8 19. Qh6 Bf8 20. Qh3 Bg7 21. Nxd5
Qxd5 22. Rcd1 Qb5 23. Rxd7 Nxe5 24. Nxe5 Bxe5 25. Rxa7 Bd4 26. Ra4 Rc3 27. Qh4
e5 28. Qe4 f5 29. Qe1 Rbc8 30. Qd2 Kg7 31. h4 Qd5 32. Qg5 e4 33. h5 e3 34. Qh4
exf2+ 35. Kh1 Rc1 36. Bd3 Rxf1+ 37. Bxf1 Rc1 38. h6+ Kg8 39. Ra8+ Qxa8 40. Qxd4
Rxf1+ 41. Kh2 Qb8+ 42. g3 Rh1+ 43. Kxh1 f1=Q+ 44. Kh2 Qf2+ 45. Kh3 Qf1+ 46. Kh4
Qh1+ 47. Kg5 Qxg3+ 0-1

[Event "XXVII Festival A"]
[Site "Arco ITA"]
[Date "2005.10.24"]
[Round "3"]
[White "Ziltener, Werner"]
[Black "Manca, Federico"]
[Result "0-1"]
[WhiteElo "2101"]
[BlackElo "2408"]
[PlyCount "60"]
[EventDate "2005.10.22"]

1. d4 d5 2. Nf3 e6 3. c4 c5 4. cxd5 exd5 5. g3 Nf6 6. Bg2 Be7 7. O-O O-O 8. Nc3
Nc6 9. b3 Ne4 10. Na4 Bf6 11. Bb2 b6 12. Rc1 Ba6 13. Re1 Re8 14. dxc5 Bxb2 15.
Nxb2 bxc5 16. Nd3 Qb6 17. e3 Rad8 18. Qc2 c4 19. Red1 d4 20. bxc4 dxe3 21. c5
Qa5 22. fxe3 Rxd3 23. Rxd3 Nb4 24. Qb3 Nxd3 25. Rd1 Nc3 26. Ng5 Ne2+ 27. Kf1
Nxg3+ 28. Kg1 Ne2+ 29. Kf1 Ne5 30. Kf2 Ng4+ 0-1

[Event "XXVII Festival A"]
[Site "Arco ITA"]
[Date "2005.10.24"]
[Round "3"]
[White "Zucchelli, Massimo"]
[Black "Sprea, Giuseppe"]
[Result "1/2-1/2"]
[WhiteElo "2162"]
[BlackElo "2018"]
[PlyCount "86"]
[EventDate "2005.10.22"]

1. d4 Nf6 2. c4 e6 3. Nf3 b6 4. Nc3 Bb4 5. Bg5 h6 6. Bh4 Bb7 7. Nd2 Bxc3 8.
bxc3 d6 9. f3 Nbd7 10. e4 e5 11. Be2 Qe7 12. Bf2 g5 13. Nf1 Nh5 14. Ng3 Ng7 15.
Qc2 O-O-O 16. O-O-O f5 17. d5 f4 18. Nf1 Nh5 19. Kb1 Nhf6 20. Nd2 Rdg8 21. Rdg1
Nb8 22. Qd3 a5 23. Bd1 Qd7 24. Ka1 Na6 25. g3 Kb8 26. gxf4 gxf4 27. Qf1 Qf7 28.
Rxg8+ Rxg8 29. Rg1 Qh5 30. Rxg8+ Nxg8 31. Qg2 Qg5 32. Qxg5 hxg5 33. h4 gxh4 34.
Bxh4 Nc5 35. Kb2 Bc8 36. Nb3 Nd7 37. Nd2 Ndf6 38. Ba4 Nh5 39. Be8 Ngf6 40. Bf7
Bh3 41. Kc2 Bd7 42. Kd1 Be8 43. Bxe8 Nxe8 1/2-1/2

[Event "XXVII Festival A"]
[Site "Arco ITA"]
[Date "2005.10.25"]
[Round "4"]
[White "Aagaard, Jacob"]
[Black "Schacher, Gerd"]
[Result "1-0"]
[WhiteElo "2452"]
[BlackElo "2258"]
[PlyCount "69"]
[EventDate "2005.10.22"]

1. e4 c5 2. Nf3 d6 3. d4 cxd4 4. Nxd4 Nf6 5. Nc3 a6 6. Bg5 e6 7. f4 Be7 8. Qf3
Qa5 9. O-O-O Bd7 10. Bxf6 Bxf6 11. e5 dxe5 12. fxe5 Bg5+ 13. Kb1 Nc6 14. Ne4
Qxe5 15. Nf5 exf5 16. Nxg5 Qe7 17. Bc4 Qxg5 18. Rhe1+ Be6 19. Bxe6 O-O 20. Qxf5
Qxf5 21. Bxf5 Rfe8 22. c4 Rxe1 23. Rxe1 g6 24. Bd7 Kf8 25. Bxc6 bxc6 26. Kc2
Re8 27. Rxe8+ Kxe8 28. Kc3 Ke7 29. Kb4 Kd6 30. Ka5 f5 31. Kxa6 f4 32. b4 g5 33.
b5 cxb5 34. cxb5 g4 35. b6 1-0